| 000 | 00784nam a2200229Ia 4500 | ||
|---|---|---|---|
| 003 | OSt | ||
| 005 | 20220104121131.0 | ||
| 008 | 210310s1965 sp fr 000 0 spa d | ||
| 040 |
_aCO-JMCR _cCO-JMCR |
||
| 041 | 1 |
_aspa _hfre |
|
| 082 | 0 | 4 |
_a330.9 / _bG698e _223 |
| 100 | 1 |
_aGoulet, Denis, _918140 _eautor |
|
| 245 | 1 | 0 |
_aÉtica del desarrollo / _cDenis Goulet ; [traducción del francés por Pedro Darnell] |
| 250 | _aPrimera edición | ||
| 260 |
_aBarcelona : _bEditorial Estela, _c1965. |
||
| 300 |
_a386 páginas ; _c20 cm. |
||
| 505 | 0 | _aFilosofía y desarrollo -- Esbozo de una ética del desarrollo -- Una economía humana | |
| 546 | _atraducido del francés. | ||
| 650 | 1 | 4 |
_aDesarrollo económico _918142 |
| 700 | 1 |
_aDarnell, Pedro, _etraductor _941827 |
|
| 942 |
_2ddc _cBK |
||
| 999 |
_c8737 _d8737 |
||